000 00427nam a22001697a 4500
003 BD-ChCU
005 20260122101521.0
008 260122b bg ||||| |||| 00| 0 ben d
040 _cBD-ChCU
082 _a335.4 SUT
100 _aSusobhan Sarkar
_919541
245 _aTowards marx ./
_cSarkar Susobhan .
260 _aCalcutta :
_bPapyrus ,
_cC 1983
300 _a191p
650 0 _aCommunism
_919542
942 _2ddc
_cBK
_n0
999 _c111203
_d111203